[Event "TUR-chT 2nd League"]
[Site "Konya"]
[Date "2018.07.22"]
[Round "9.9"]
[White "Kulaoglu, Cihan"]
[Black "Hatirli, Ugur Can"]
[Result "0-1"]
[WhiteElo "1414"]
[BlackElo "1522"]
[PlyCount "106"]
[EventDate "2018.07.16"]
[EventType "team-swiss"]
[EventRounds "9"]
[EventCountry "TUR"]
[SourceTitle "EXT 2019"]
[Source "ChessBase"]
[SourceDate "2018.10.10"]
[SourceVersion "1"]
[SourceVersionDate "2018.10.10"]
[SourceQuality "1"]
[WhiteTeam "Karaman Yunus Ortaokulu"]
[BlackTeam "Corum Belediye"]
[WhiteTeamCountry "TUR"]
[BlackTeamCountry "TUR"]

1. Nf3 d5 2. g3 c6 3. b3 Nf6 4. c4 Bf5 5. Bg2 e6 6. Bb2 Be7 7. 0-0 h6 8. d4 0-0 9. e3 Nbd7 10. Nc3 a6 11. cxd5 exd5 12. Nd2 Re8 13. Kh1 Bf8 14. Re1 Ng4 15. Qf3 Be6 16. h3 Ngf6 17. e4 dxe4 18. Ndxe4 Nxe4 19. Nxe4 Bd5 20. Qd3 Kh8 21. Kg1 Qc7 22. Nc5 Bxg2 23. Kxg2 Nf6 24. Re2 Rxe2 25. Qxe2 Re8 26. Qd2 Qe7 27. Kg1 Qe2 28. Rd1 Qh5 29. Kg2 Re2 30. Qc1 Rxb2 31. Qxb2 Qxd1 32. Nxb7 Qd3 33. Na5 Qe4+ 34. f3 Qd5 35. Qc3 c5 36. dxc5 Qxc5 37. Qxc5 Bxc5 38. Nc6 Bb6 39. Kf1 Nd5 40. Ne5 Kg8 41. a3 f6 42. Nd7 Kf7 43. Ke2 Bc7 44. Nc5 a5 45. f4 Bd6 46. Nb7 Bxa3 47. Nxa5 Bb4 48. Nc6 Bc5 49. Na5 Ke7 50. Nc4 g6 51. Kf3 Nb6 52. Nd2 f5 53. g4 Kd6 0-1